000 01585cam a22005054i 4500
003 PE-LiUPU
005 20251127180820.0
008 150616s1976 xxua r 000 0 spa d
035 _a(Sirsi) a6239
035 _a(Sirsi) a6239
040 _aPE-LiUPU
_bspa
_cPE-LiUPU
_erda
049 _aPRUA
082 0 4 _a220.6
_bM294
_223
245 0 0 _aManual Bíblico Ilustrado /
_ccompilado por David Alexander y Pat Alexánder.
250 _aPrimera edición.
264 1 _aMiami, Florida :
_bEditorial Caribe,
_c1976.
300 _a680 páginas :
_bilustraciones ;
_c23 cm
336 _atext
_2rdacontent
337 _aunmediated
_2rdamedia
338 _avolume
_2rdacarrier
505 0 _aAl descubrimiento de la Biblia -- Una Biblia para hoy -- Los cinco libros -- A los profetas -- Los evangelios y los hechos -- Las epístolas -- Personajes de la biblia -- Oraciones de la biblia.
526 _aSEG44
526 _aSEG26
526 _aP151
526 _aP150
526 _aP149
526 _aP146
526 _aP145
526 _aP126
526 _aP125
526 _aP92
526 _aP75
526 _aP74
526 _aP27
526 _aP15
630 1 4 _aBiblia.
_xEstudio y enseñanza.
_97711
630 2 4 _aBiblia.
_vManuales, guías, etc.
_93844
700 1 _aAlexander, David,
_ecompilador.
700 1 _aAlexánder, Pat,
_ecompilador.
910 _ajck
942 _2ddc
_cBK
980 _818226
_gJaime Vilcazán Jefe de Análisis Documental
999 _c57350 | 1
_d57350